00877nam a2200241Ia 450000500170000000800410001702000190005824501300007725000400020730000270024749000120027465000490028665000440033570000420037994200150042126400490043633600270048533700330051233800280054504000350057308400120060899900150062020220317000953.0160825s2008 mx g 000 0 spa  a9789681603301210aPopol Vuhblas antiguas historias del Quiché; traducidas del texto original con introducción y notas por Adrián Recinos a2a. edición b33a. reimpresión  a185 páginas c16 cm  aPopular142LEMBaLeyendas indígenas de guatemaltecas 142LEMBaMitos indígenas guatemaltecas 1 aRecinos, Adrían etraductor 963852 2loccBKLIT aMéxicobFondo de Cultura Económicac2008 atextobtxt2rdacontent asin mediaciónbn2rdamedia avolumenbnc2rdacarrier aCO-BoRNBPbspaerdacCO-BoRNBP aLM POP1 c5554d5554